Heath Life science / (Record no. 7117)
[ view plain ]
| 000 -LEADER | |
|---|---|
| fixed length control field | 00943nam a2200289 a 4500 |
| 001 - CONTROL NUMBER | |
| JCCL Control Number | 7117 |
| 003 - CONTROL NUMBER IDENTIFIER | |
| JCCL marc code | BD - Jhcc |
| 005 - DATE AND TIME OF LATEST TRANSACTION | |
| control field | 20220623134023.0 |
| 008 - FIXED-LENGTH DATA ELEMENTS--GENERAL INFORMATION | |
| fixed length control field | 500101s1938 mau b 000 0 eng d |
| 035 ## - SYSTEM CONTROL NUMBER | |
| system control number | (BD - Jhcc)7117 |
| 040 ## - CATALOGING SOURCE | |
| Original cataloging agency | DLC |
| Transcribing agency | WSU |
| Modifying agency | OCL |
| -- | SER |
| -- | OCL |
| -- | EQO |
| -- | BD - Jhcc |
| 041 ## - LANGUAGE CODE | |
| Language code of Book | eng |
| 050 #0 - LIBRARY OF CONGRESS CALL NUMBER | |
| Classification number | HM19 |
| Item number | .B27 |
| 082 ## - DEWEY DECIMAL CLASSIFICATION NUMBER | |
| Classification number | 570 |
| Author mark and Year | BIE 1985 |
| 100 ## - MAIN ENTRY--PERSONAL NAME | |
| Personal name | Bierer, Loretta M. |
| 245 10 - TITLE STATEMENT | |
| Title | Heath Life science / |
| Statement of responsibility, etc | Loretta M. Bierer, Violetta F. Lien |
| 260 ## - PUBLICATION, DISTRIBUTION, ETC. (IMPRINT) | |
| Place of publication, distribution, etc | Boston ; |
| -- | London : |
| Name of publisher, distributor, etc | D. C. Heath, |
| Date of publication, distribution, etc | 1985 |
| 300 ## - PHYSICAL DESCRIPTION | |
| Pagination | 2 v. ; |
| Dimensions | 25 cm. |
| 500 ## - GENERAL NOTE | |
| General note | Paged continuously. |
| 500 ## - GENERAL NOTE | |
| General note | Includes bibliographies. |
| 505 0# - FORMATTED CONTENTS NOTE | |
| Formatted contents note | I. A history and interpretation of man's ideas about life with his fellows.--II. Sociological trends throughout the world. |
| 650 ## - SUBJECT ADDED ENTRY--TOPICAL TERM | |
| Topical term or geographic name as entry element | Life sciences--Study and teaching (Secondary) |
| 700 ## - ADDED ENTRY--PERSONAL NAME | |
| Personal name | Lien, Violetta F. |
| 830 #0 - SERIES ADDED ENTRY--UNIFORM TITLE | |
| Uniform title | Heath social relations series |
| 942 ## - ADDED ENTRY ELEMENTS (KOHA) | |
| Source of classification or shelving scheme | Dewey Decimal Classification |
| Koha item type | Books |
| Koha issues (borrowed), all copies | 1 |
| Source of classification or shelving scheme | Damaged status | Not for loan | Home library | Current library | Shelving location | Total Checkouts | Full call number | Barcode | Date last seen | Date checked out | Copy number | Koha item type | Date of accession |
|---|---|---|---|---|---|---|---|---|---|---|---|---|---|
| Dewey Decimal Classification | JCC Rouf Library | JCC Rouf Library | General Stacks | 1 | 570 BIE 1985 | 8678 | 08/04/2022 | 06/23/2022 | C-1 | Books | |||
| Dewey Decimal Classification | JCC Rouf Library | JCC Rouf Library | General Stacks | 570 BIE 1985 | 13353 | 04/02/2018 | C-2 | Books | 04/01/2018 |